Central Library and Information Centre
Sibsagar Girls' College, Sivasagar : Assam

A NEW APPROACH TO ECONOMIC GEOGRAPHY (Record no. 3171)

MARC details
000 -LEADER
fixed length control field 00362cam a2200157ua 4500
008 - FIXED-LENGTH DATA ELEMENTS--GENERAL INFORMATION
fixed length control field 131203n II |||gr||||Z||||||eng
040 ## - CATALOGING SOURCE
Original cataloging agency MAIN
041 ## - LANGUAGE CODE
-- English
082 ## - DEWEY DECIMAL CLASSIFICATION NUMBER
Classification number 910.133 GUH
100 ## - MAIN ENTRY--PERSONAL NAME
Personal name GUHA , J.L.
245 ## - TITLE STATEMENT
Title A NEW APPROACH TO ECONOMIC GEOGRAPHY
700 ## - ADDED ENTRY--PERSONAL NAME
Personal name CHUTTORAJ , P.R.
942 ## - ADDED ENTRY ELEMENTS (KOHA)
Koha item type Books
653 ## - INDEX TERM--UNCONTROLLED
Uncontrolled term Economic Geography
Holdings
Withdrawn status Lost status Damaged status Not for loan Collection code Home library Current library Shelving location Date acquired Full call number Barcode Date last seen Copy number Price effective from Koha item type Public note
        TBGEO Central Library and Information Centre Sibsagar Girls College Central Library and Information Centre Sibsagar Girls College Geography Rack 21.04.1972 910.133 GUH 03173 27.02.2020 1 27.02.2020 Books  
        TBGEO Central Library and Information Centre Sibsagar Girls College Central Library and Information Centre Sibsagar Girls College GEOGRAPHY BOOK RACK 21.04.1972 910.133 GUH 03174 27.02.2020 2 27.02.2020 Books V


Sibsagar Girl's College © 2020. All rights reserved.
Powered by Koha.
Maintained by Abhijit Borpuzari.